000 00343nam a22001217a 4500
008 190315b xxu||||| |||| 00| 0 eng d
041 _aeng
080 _a043.3
100 _a0
101 _aSHKI-BA
245 _aImplementimi i infrastrukturës së serverëve në institucioneve edukative përmes virtualizimit
_cSejfijaj,U
942 _2udc
_cBK
999 _c54858
_d54858